<?xml version="1.0" encoding="UTF-8"?>
<collection xmlns="http://www.loc.gov/MARC21/slim">
 <record>
  <leader>02001nab a2200265 i 4500</leader>
  <controlfield tag="001">acta81086</controlfield>
  <controlfield tag="005">20230906134729.0</controlfield>
  <controlfield tag="008">230906s1965    hu      o     0||   hun d</controlfield>
  <datafield tag="040" ind1=" " ind2=" ">
   <subfield code="a">SZTE Egyetemi Kiadványok Repozitórium</subfield>
   <subfield code="b">hun</subfield>
  </datafield>
  <datafield tag="041" ind1=" " ind2=" ">
   <subfield code="a">hun</subfield>
  </datafield>
  <datafield tag="041" ind1=" " ind2=" ">
   <subfield code="a">eng</subfield>
  </datafield>
  <datafield tag="041" ind1=" " ind2=" ">
   <subfield code="a">ger</subfield>
  </datafield>
  <datafield tag="041" ind1=" " ind2=" ">
   <subfield code="a">fre</subfield>
  </datafield>
  <datafield tag="041" ind1=" " ind2=" ">
   <subfield code="a">rus</subfield>
  </datafield>
  <datafield tag="100" ind1="1" ind2=" ">
   <subfield code="a">Kismarton Károly</subfield>
  </datafield>
  <datafield tag="245" ind1="1" ind2="0">
   <subfield code="a">Adatok a kenyér reológiai jellemzéséhez</subfield>
   <subfield code="h">[elektronikus dokumentum] /</subfield>
   <subfield code="c"> Kismarton Károly</subfield>
  </datafield>
  <datafield tag="260" ind1=" " ind2=" ">
   <subfield code="a">Lapkiadó Vállalat</subfield>
   <subfield code="b">Budapest</subfield>
   <subfield code="c">1965</subfield>
  </datafield>
  <datafield tag="300" ind1=" " ind2=" ">
   <subfield code="a">57-61</subfield>
  </datafield>
  <datafield tag="490" ind1="0" ind2=" ">
   <subfield code="a">Élelmiszervizsgálati közlemények</subfield>
  </datafield>
  <datafield tag="520" ind1="3" ind2=" ">
   <subfield code="a">Verfasser arbeitete eine die rheologische Konsistenz der Brotkrume mit Einern einzigen Wert kennzeichnende Indexzahl aus. Aus den Messungsergebnissen der gesamten und der elastischen Formänderung lässt sich die plastische (bleibende) Formänderung und die relative Elastizität berechnen. Aus diesen Angaben liess der Verfasser seine „rheologische Indexzahl“ hervorgehen. A “rheological index” was devised by the author in order to characterize the rheological consistency of the crumb of bread by one single value. The Theological index is derived from the values of the plastic deformation and of the relative elasticity which can be calculated from the results of measurements of total and elastic deformation.L’auteur a élaboré un «indice rhéologique» pour caractériser par une seule donnée la substance rhéologique de la mié de pain. Les données du mesurage de la déformation totale et élastique permettent de calculer la déformation plastique et l’élasticité rélative. C’est de ces données que l’auteur a formulé son «indice rhéologique».</subfield>
  </datafield>
  <datafield tag="650" ind1=" " ind2="4">
   <subfield code="a">Műszaki és technológiai tudományok</subfield>
  </datafield>
  <datafield tag="650" ind1=" " ind2="4">
   <subfield code="a">Egyéb műszaki tudományok és technológiák</subfield>
  </datafield>
  <datafield tag="650" ind1=" " ind2="4">
   <subfield code="a">Élelmiszer és italfélék</subfield>
  </datafield>
  <datafield tag="695" ind1=" " ind2=" ">
   <subfield code="a">Élelmiszervizsgálat - módszer</subfield>
  </datafield>
  <datafield tag="856" ind1="4" ind2="0">
   <subfield code="u">http://acta.bibl.u-szeged.hu/81086/1/elelmiszervizsgalati_kozlemenyek_1965_01-02_57-61.pdf</subfield>
   <subfield code="z">Dokumentum-elérés </subfield>
  </datafield>
 </record>
</collection>
